000 00443nam a22001697a 4500
005 20251209143339.0
008 251209b |||||||| |||| 00| 0 eng d
020 _a978-1-47214141-5
050 _aRC 548.E87 2021
100 _aESPIE COLIN A.
245 _aOVRCOMING INSOMNIA
260 _aGREAT BRITAIN
_bROBINSON
300 _aX,387
500 _aINCLUDES AN INDEX
650 _aInsomnia treatment-Cognitive therapy
942 _2lcc
_cBK
999 _c216346
_d216346